000 00731nam a2200181Ia 4500
008 100920s9999 xx 000 0 und d
082 _b63801
_a61 थ 56
100 _a---
245 _aदुसरी पंचवार्षिक योजना.
260 _bमुंबई सरकारच्या प्रसिध्दी खात्याकडून प्रकाशित.
_c1956
300 _a160
_bसाधी
365 _b1
520 _aस्थानिक वाचन.
630 _aदुसरी पंचवार्षिक योजना.
650 _aस्थानिक वाचन.
730 _aदुसरी पंचवार्षिक योजना.
942 _cBOOK
999 _c706880
_d706877